[Event "GER-chT U10"]
[Site "Magdeburg"]
[Date "2013.12.27"]
[Round "1.2"]
[White "Lewerenz, Lars"]
[Black "Schubert, Christoph"]
[Result "0-1"]
[WhiteElo "600"]
[BlackElo "1108"]
[PlyCount "96"]
[EventDate "2013.12.27"]
[EventType "team-swiss"]
[EventRounds "5"]
[EventCountry "GER"]
[SourceTitle "EXT 2015"]
[Source "ChessBase"]
[SourceDate "2014.11.20"]
[SourceVersion "1"]
[SourceVersionDate "2014.11.20"]
[SourceQuality "1"]
[WhiteTeam "Raesfeld"]
[BlackTeam "Dresden"]
[WhiteTeamCountry "GER"]
[BlackTeamCountry "GER"]

1. e3 e5 2. Nf3 Nc6 3. Bc4 Nf6 4. c3 Be7 5. 0-0 0-0 6. h3 d5 7. Bb3 Be6 8. d4 e4 9. Ne5 Qd6 10. f4 exf3 11. Nxc6 Qxc6 12. Qxf3 Rfd8 13. Nd2 Rd7 14. Qg3 Rad8 15. e4 dxe4 16. Nc4 Bxc4 17. Bxc4 Bd6 18. Bf4 Bxf4 19. Rxf4 Nh5 20. Qg4 Nxf4 21. Qxf4 Qxc4 22. Qxe4 Qd5 23. Qg4 Re8 24. Rf1 Rde7 25. Rf3 Re1+ 26. Kh2 Qxa2 27. Rg3 g6 28. Rf3 Qxb2 29. Qd7 R1e7 30. Qd5 Qb6 31. c4 Qd6+ 32. Qxd6 cxd6 33. c5 dxc5 34. dxc5 Rc8 35. Rc3 Rec7 36. Rc4 Rxc5 37. Rxc5 Rxc5 38. Kh1 a5 39. Kh2 a4 40. Kg1 b5 41. Kf2 b4 42. Ke1 b3 43. Kd2 b2 44. Ke3 b1Q 45. Kf2 Re5 46. Kg3 Qe1+ 47. Kg4 Qe3 48. Kh4 Qg5# 0-1